书目信息 |
| 题名: |
热红外探测器
|
|
| 作者: | 布译尔 , 杰拉赫 著 ;陈世国 , 刘伟 译 | |
| 分册: | ||
| 出版信息: | 北京 国防工业出版社 2021.1 |
|
| 页数: | 246页 | |
| 开本: | 24cm | |
| 丛书名: | ||
| 单 册: | ||
| 中图分类: | TN215 | |
| 科图分类: | ||
| 主题词: | 红外探测器 | |
| 电子资源: | ||
| ISBN: | 978-7-118-12244-2 | |
| 000 | 01339nam0 2200313 45 | |
| 001 | 012001001301 | |
| 005 | 20140913140008.0 | |
| 010 | @a978-7-118-12244-2@b精装@dCNY129.00 | |
| 100 | @a20210416d2021 em y0chiy50 ea | |
| 101 | 1 | @achi@cger |
| 102 | @aCN@b110000 | |
| 105 | @aa z 000yy | |
| 106 | @ar | |
| 200 | 1 | @a热红外探测器@Are hong wai tan ce qi@b专著@dThermal infrared sensors@f(德)Helmut Budzier,(德)Gerald Gerlach著@g陈世国,刘伟译@zeng |
| 210 | @a北京@c国防工业出版社@d2021.1 | |
| 215 | @a246页@c图,照片@d24cm | |
| 300 | @a装备科技译著出版基金 | |
| 300 | @a并列题名:Thermal infrared sensors: theory, optimisation and practice | |
| 305 | @aJohn Wiley & Sons, Inc.授权出版 | |
| 330 | @a本书旨在通过解释热红外探测器的基本原理和各种效应之间的相关性来填补这一空白。通过大量的实例,展示这些基本知识如何应用于解决特定任务。全书内容包括:辐射测量基础、光度学基础、噪声、探测器参数、热红外探测器、热红外探测器的应用等。 | |
| 510 | 1 | @aThermal infrared sensors: theory, optimisation and practice@zeng |
| 606 | 0 | @a红外探测器 |
| 690 | @aTN215@v5 | |
| 701 | 0 | @c(德)@a布译尔@Abu yi er@c(Budzier, Helmut)@4著 |
| 701 | 0 | @c(德)@a杰拉赫@Ajie la he@c(Gerlach, Gerald)@4著 |
| 702 | 0 | @a陈世国@Achen shi guo@4译 |
| 702 | 0 | @a刘伟@Aliu wei@4译 |
| 801 | 0 | @aCN@bBJSDL@c20211011 |
| 905 | @b1333837-40@dTN215@e154@f4 | |
| 热红外探测器=Thermal infrared sensors/(德)Helmut Budzier,(德)Gerald Gerlach著/陈世国,刘伟译.-北京:国防工业出版社,2021.1 |
| 246页:图,照片;24cm |
| 装备科技译著出版基金.-并列题名:Thermal infrared sensors: theory, optimisation and practice |
| ISBN 978-7-118-12244-2(精装):CNY129.00 |
| 本书旨在通过解释热红外探测器的基本原理和各种效应之间的相关性来填补这一空白。通过大量的实例,展示这些基本知识如何应用于解决特定任务。全书内容包括:辐射测量基础、光度学基础、噪声、探测器参数、热红外探测器、热红外探测器的应用等。 |
| ● |
| 相关链接 |
|
|
|
|
正题名:热红外探测器
索取号:TN215/154
 
预约/预借
| 序号 | 登录号 | 条形码 | 馆藏地/架位号 | 状态 | 备注 |
| 1 | 1333837 | 213338379 | 第二样本阅览室/ [索取号:TN215/154] | 在馆 | |
| 2 | 1333838 | 213338388 | 第三借阅区/ [索取号:TN215/154] | 在馆 | |
| 3 | 1333839 | 213338397 | 第三借阅区/ [索取号:TN215/154] | 在馆 | |
| 4 | 1333840 | 213338404 | 第三借阅区/ [索取号:TN215/154] | 在馆 |